[Event "Como Province-ch"]
[Site "Erba"]
[Date "2015.01.18"]
[Round "2"]
[White "Prete, Alessandro"]
[Black "Buonocore, Elio"]
[Result "1-0"]
[WhiteElo "1752"]
[BlackElo "2173"]
[PlyCount "69"]
[EventDate "2015.01.17"]
[EventType "swiss"]
[EventRounds "6"]
[EventCountry "ITA"]
[SourceTitle "EXT 2017"]
[Source "ChessBase"]
[SourceDate "2016.10.25"]
[SourceVersion "1"]
[SourceVersionDate "2016.10.25"]
[SourceQuality "1"]

1. d4 f5 2. Bg5 g6 3. Nd2 Bg7 4. e4 fxe4 5. Nxe4 d5 6. Nc5 b6 7. Nb3 Nh6 8. Qd2 Nf7 9. Be3 0-0 10. h4 e5 11. h5 exd4 12. Bxd4 Bxd4 13. Nxd4 c5 14. hxg6 hxg6 15. Nde2 Qf6 16. 0-0-0 Nc6 17. Nf4 Ne7 18. Nxd5 Nxd5 19. Qxd5 Be6 20. Qf3 Qxf3 21. Nxf3 Bg4 22. Bc4 Bxf3 23. gxf3 Rad8 24. Rxd8 Rxd8 25. Rd1 Rxd1+ 26. Kxd1 Kg7 27. Bxf7 Kxf7 28. Kd2 Ke6 29. f4 b5 30. Ke3 Kd5 31. b3 a6 32. Kd3 c4+ 33. bxc4+ bxc4+ 34. Ke3 a5 35. c3 1-0

[Event "Como Primavera op 9th"]
[Site "Como"]
[Date "2014.03.13"]
[Round "2"]
[White "Buonocore, Elio"]
[Black "Nastasi, Ivano"]
[Result "1/2-1/2"]
[WhiteElo "2177"]
[BlackElo "1725"]
[PlyCount "37"]
[EventDate "2014.03.06"]
[EventType "swiss"]
[EventRounds "7"]
[EventCountry "ITA"]
[SourceTitle "EXT 2015"]
[Source "ChessBase"]
[SourceDate "2014.11.20"]
[SourceVersion "1"]
[SourceVersionDate "2014.11.20"]
[SourceQuality "1"]

1. e4 c5 2. Nf3 d6 3. d4 cxd4 4. Nxd4 Nf6 5. Nc3 g6 6. Be3 a6 7. f3 h5 8. Qd2 b5 9. 0-0-0 Bb7 10. Kb1 Bg7 11. a3 Qa5 12. Nb3 Qc7 13. Nd5 Nxd5 14. exd5 Nd7 15. Na5 Rc8 16. Nxb7 Qxb7 17. Bd4 Nf6 18. Bf2 Bh6 19. Qd4 1/2-1/2

[Event "Como Province-ch"]
[Site "Villa Guardia"]
[Date "2010.01.31"]
[Round "6"]
[White "Buonocore, Elio"]
[Black "Gonella, Daniele"]
[Result "1-0"]
[WhiteElo "2187"]
[BlackElo "1879"]
[PlyCount "59"]
[EventDate "2010.01.23"]
[EventType "swiss"]
[EventRounds "6"]
[EventCountry "ITA"]
[SourceTitle "EXT 2024"]
[Source "ChessBase"]
[SourceDate "2023.10.10"]
[SourceVersion "1"]
[SourceVersionDate "2023.10.10"]
[SourceQuality "1"]

1. e4 c5 2. Nf3 d6 3. d4 cxd4 4. Nxd4 Nf6 5. Nc3 g6 6. Be3 Bg7 7. f3 0-0 8. Qd2 d5 9. e5 Nfd7 10. e6 Nb6 11. Bh6 fxe6 12. Bxg7 Kxg7 13. 0-0-0 Nc6 14. h4 Qd6 15. Kb1 Qf4 16. Qf2 e5 17. Nde2 Qf7 18. h5 Be6 19. a3 e4 20. Qh4 e3 21. Nd4 Bf5 22. Nxc6 bxc6 23. Qd4+ Qf6 24. Qxe3 e5 25. hxg6 Bxg6 26. Qh6+ Kg8 27. Bd3 Rab8 28. Rh4 Rf7 29. Bxg6 Qxg6 30. Rg4 1-0

[Event "Como Province-ch"]
[Site "Villa Guardia"]
[Date "2010.01.23"]
[Round "1"]
[White "Napoli, Ferdinando"]
[Black "Buonocore, Elio"]
[Result "0-1"]
[WhiteElo "1742"]
[BlackElo "2187"]
[PlyCount "74"]
[EventDate "2010.01.23"]
[EventType "swiss"]
[EventRounds "6"]
[EventCountry "ITA"]
[SourceTitle "EXT 2024"]
[Source "ChessBase"]
[SourceDate "2023.10.10"]
[SourceVersion "1"]
[SourceVersionDate "2023.10.10"]
[SourceQuality "1"]

1. e4 c5 2. Nf3 Nc6 3. d4 cxd4 4. Nxd4 Nf6 5. Nc3 e5 6. Ndb5 d6 7. Bg5 a6 8. Na3 b5 9. Nd5 Be7 10. Bxf6 Bxf6 11. c3 Bg5 12. Nc2 0-0 13. a4 bxa4 14. Rxa4 a5 15. Bc4 Rb8 16. b3 g6 17. Nce3 Kh8 18. 0-0 Bh6 19. Qe2 Bd7 20. Ra2 f5 21. f3 fxe4 22. fxe4 Qh4 23. Rxf8+ Rxf8 24. Bd3 Rb8 25. g3 Qg5 26. Bc4 Bh3 27. Bb5 Ne7 28. Ra1 Nxd5 29. Nxd5 Rc8 30. Qe1 Qd2 31. Qxd2 Bxd2 32. Rxa5 Bxc3 33. Nxc3 Rxc3 34. Bc4 Rc2 35. Bd5 Rg2+ 36. Kh1 Re2 37. Ra4 Re1# 0-1

[Event "Lugano New op 3rd"]
[Site "Lugano"]
[Date "2009.05.02"]
[Round "4"]
[White "Codenotti, Marco"]
[Black "Buonocore, Elio"]
[Result "1-0"]
[WhiteElo "2035"]
[BlackElo "2185"]
[PlyCount "86"]
[EventDate "2009.04.30"]
[EventType "swiss"]
[EventRounds "6"]
[EventCountry "SUI"]
[SourceTitle "EXT 2011"]
[Source "ChessBase"]
[SourceDate "2010.11.26"]
[SourceVersion "1"]
[SourceVersionDate "2010.11.26"]
[SourceQuality "1"]

1. e4 c5 2. Nf3 Nc6 3. d4 cxd4 4. Nxd4 Nf6 5. Nc3 e5 6. Ndb5 d6 7. Bg5 a6 8. Na3 b5 9. Bxf6 gxf6 10. Nd5 f5 11. c3 Bg7 12. exf5 Bxf5 13. Nc2 0-0 14. Nce3 Be6 15. Bd3 f5 16. 0-0 Ra7 17. a4 Ne7 18. Nxe7+ Rxe7 19. axb5 axb5 20. Bxb5 d5 21. Ra6 f4 22. Rxe6 Rxe6 23. Qxd5 Qxd5 24. Nxd5 Kh8 25. b4 e4 26. Rd1 e3 27. Be2 Be5 28. c4 Ra8 29. Bg4 Rg6 30. Bf3 Ra1 31. Rxa1 Bxa1 32. Nxf4 exf2+ 33. Kxf2 Ra6 34. Nd5 Be5 35. h3 Kg7 36. Ke3 Kf8 37. c5 Ke8 38. Kd3 Kd8 39. Kc4 Kc8 40. b5 Ra4+ 41. Nb4 Ra1 42. b6 Rb1 43. Be4 Rb2 1-0

[Event "Como Province-ch"]
[Site "Como"]
[Date "2009.02.01"]
[Round "5"]
[White "Rossi, Giampiero"]
[Black "Buonocore, Elio"]
[Result "0-1"]
[WhiteElo "1948"]
[BlackElo "2188"]
[PlyCount "72"]
[EventDate "2009.01.24"]
[EventType "swiss"]
[EventRounds "6"]
[EventCountry "ITA"]
[SourceTitle "EXT 2011"]
[Source "ChessBase"]
[SourceDate "2010.11.26"]
[SourceVersion "1"]
[SourceVersionDate "2010.11.26"]
[SourceQuality "1"]

1. d4 f5 2. c4 Nf6 3. Nc3 g6 4. Nf3 Bg7 5. e3 d6 6. Be2 0-0 7. 0-0 Nc6 8. Bd2 e5 9. d5 Ne7 10. Qb3 Kh8 11. Rfd1 h6 12. Be1 g5 13. Rac1 Ng6 14. Qc2 g4 15. Nd2 h5 16. Nf1 Bh6 17. b4 Nh4 18. f3 Ng6 19. fxg4 Nxg4 20. Bxg4 hxg4 21. c5 Bd7 22. Ne2 Qf6 23. cxd6 cxd6 24. g3 Rf7 25. Qb3 Bb5 26. Rc2 Kh7 27. a4 Bxe2 28. Rxe2 f4 29. exf4 exf4 30. Re6 Qf5 31. Qd3 Rd8 32. b5 Qxd3 33. Rxd3 Ne5 34. Rd1 Nf3+ 35. Kf2 Ng5 36. Rd2 f3 0-1

[Event "Como Province-ch"]
[Site "Como"]
[Date "2009.01.25"]
[Round "2"]
[White "Buonocore, Elio"]
[Black "Colombo, Samuel"]
[Result "1-0"]
[WhiteElo "2188"]
[BlackElo "1781"]
[PlyCount "105"]
[EventDate "2009.01.24"]
[EventType "swiss"]
[EventRounds "6"]
[EventCountry "ITA"]
[SourceTitle "EXT 2011"]
[Source "ChessBase"]
[SourceDate "2010.11.26"]
[SourceVersion "1"]
[SourceVersionDate "2010.11.26"]
[SourceQuality "1"]

1. e4 e6 2. d4 d5 3. Nc3 Bb4 4. e5 c5 5. a3 Bxc3+ 6. bxc3 Ne7 7. Qg4 Qc7 8. Qxg7 Rg8 9. Qxh7 cxd4 10. Ne2 dxc3 11. f4 Bd7 12. Qd3 Nbc6 13. Rb1 Nf5 14. Qxc3 0-0-0 15. Rg1 Na5 16. Qxc7+ Kxc7 17. g4 Ne7 18. Rg3 Rc8 19. Nd4 Nc4 20. Kf2 b6 21. h4 Kb7 22. Rb4 Nc6 23. Nxc6 Rxc6 24. Rxc4 Rxc4 25. Bxc4 dxc4 26. Ke3 Ba4 27. Kd2 Bc6 28. Ke3 Ba4 29. Rg2 Bc6 30. Rg3 Ba4 31. c3 Bc2 32. Bd2 Rd8 33. Ke2 Bd3+ 34. Ke1 Rg8 35. Kf2 Kc6 36. h5 a6 37. Rg1 Kb5 38. Be3 Kc6 39. Bd4 b5 40. Ke3 Bf5 41. Kf3 Bd3 42. f5 exf5 43. g5 f4 44. e6 fxe6 45. Kxf4 Kd5 46. g6 Rf8+ 47. Ke3 Rg8 48. Rg5+ Kd6 49. Bc5+ Kd7 50. Kd4 Bf5 51. Ke5 Kc6 52. Rxf5 exf5 53. Bd4 1-0

[Event "CO Province-ch"]
[Site "Mariano Comense"]
[Date "2008.01.27"]
[Round "6"]
[White "Buonocore, Elio"]
[Black "Guzzetti, Luigi Enrico"]
[Result "1/2-1/2"]
[WhiteElo "2166"]
[BlackElo "1933"]
[PlyCount "140"]
[EventDate "2008.01.19"]
[EventType "swiss"]
[EventRounds "6"]
[EventCountry "ITA"]
[SourceTitle "EXT 2009"]
[Source "ChessBase"]
[SourceDate "2008.11.26"]
[SourceVersion "1"]
[SourceVersionDate "2008.11.26"]
[SourceQuality "1"]

1. e4 c5 2. c3 e6 3. d4 d5 4. e5 Nc6 5. Nf3 Qb6 6. a3 Nge7 7. dxc5 Qc7 8. Bb5 Bd7 9. Qe2 Ng6 10. Bxc6 Bxc6 11. b4 a6 12. Qe3 h5 13. 0-0 h4 14. Re1 Ne7 15. Nd4 g6 16. f4 h3 17. g3 Nf5 18. Qf2 Be7 19. Nd2 b6 20. cxb6 Qxb6 21. Nxf5 Qxf2+ 22. Kxf2 gxf5 23. Nb3 Ba4 24. Nd4 Rc8 25. Bd2 Kd7 26. Rec1 Rc4 27. Ne2 Bd8 28. Be3 Be7 29. Bd4 Kc6 30. Ng1 Bd8 31. Nf3 Kb5 32. Ke3 Be7 33. Kd3 Rhc8 34. Be3 Kc6 35. Nd2 Re4 36. Nxe4 fxe4+ 37. Kd2 Bb3 38. a4 Bc4 39. Bd4 Rb8 40. Rab1 Bd3 41. Rb2 Kd7 42. Ke3 a5 43. b5 Ba3 44. Rbb1 Bxc1+ 45. Rxc1 Rc8 46. Ra1 Kc7 47. Ra2 Kb7 48. f5 Rc4 49. fxe6 fxe6 50. g4 Rc7 51. Rf2 Rg7 52. Kf4 Bc4 53. Kg3 Bb3 54. Kxh3 Bxa4 55. Ra2 Bxb5 56. Rxa5 Kc6 57. Ra7 Rg6 58. Kg3 Be2 59. h3 Kb5 60. Rc7 Bf3 61. Rf7 Bd1 62. Rf6 Rg7 63. Rxe6 Kc4 64. Kf4 Rh7 65. Kg3 Kd3 66. Rd6 e3 67. Bxe3 Kxe3 68. Rxd5 Bb3 69. Rb5 Bc4 70. Rb6 Re7 1/2-1/2

[Event "Villa Guardia Coppa d'Oro 23th"]
[Site "Villa Guardia"]
[Date "2005.11.11"]
[Round "6"]
[White "Buonocore, Elio"]
[Black "Larghi, Riccardo"]
[Result "1-0"]
[WhiteElo "2156"]
[BlackElo "2011"]
[PlyCount "33"]
[EventDate "2005.10.07"]
[EventType "swiss"]
[EventRounds "8"]
[EventCountry "ITA"]
[SourceTitle "EXT 2024"]
[Source "ChessBase"]
[SourceDate "2023.10.10"]
[SourceVersion "1"]
[SourceVersionDate "2023.10.10"]
[SourceQuality "1"]

1. e4 c5 2. Nf3 d6 3. d4 cxd4 4. Nxd4 Nf6 5. Nc3 g6 6. Be3 Bg7 7. f3 0-0 8. Qd2 Nc6 9. 0-0-0 d5 10. Kb1 e6 11. g4 Qc7 12. g5 Nh5 13. exd5 exd5 14. Nxd5 Qe5 15. c4 Bd7 16. f4 Qd6 17. Nxc6 1-0

[Event "Villa Guardia Coppa d'Oro 23th"]
[Site "Villa Guardia"]
[Date "2005.11.04"]
[Round "5"]
[White "Liscio, Giovanni"]
[Black "Buonocore, Elio"]
[Result "0-1"]
[WhiteElo "2000"]
[BlackElo "2156"]
[PlyCount "133"]
[EventDate "2005.10.07"]
[EventType "swiss"]
[EventRounds "8"]
[EventCountry "ITA"]
[SourceTitle "EXT 2024"]
[Source "ChessBase"]
[SourceDate "2023.10.10"]
[SourceVersion "1"]
[SourceVersionDate "2023.10.10"]
[SourceQuality "1"]

1. d4 f5 2. c4 Nf6 3. Nc3 g6 4. g3 Bg7 5. Bg2 0-0 6. Nf3 d6 7. 0-0 Qe8 8. d5 a5 9. Nd4 Na6 10. e4 fxe4 11. Nxe4 Nxe4 12. Bxe4 Bh3 13. Bg2 Bxg2 14. Kxg2 Nc5 15. Be3 c6 16. Rb1 Qf7 17. dxc6 Qxc4 18. cxb7 Rab8 19. b3 Qd5+ 20. Kg1 Rxb7 21. Nc2 Qxd1 22. Rbxd1 Ne4 23. Rd5 Ra8 24. Rd3 Nc3 25. Re1 Nxa2 26. Bg5 Rc8 27. Na3 Nb4 28. Rf3 Nd5 29. Nc4 a4 30. Nxd6 exd6 31. bxa4 h6 32. Bd2 Rc2 33. Rd3 Rxd2 34. Rxd2 Bc3 35. Re8+ Kf7 36. Rde2 Nf6 37. Ra8 d5 38. a5 d4 39. a6 Rd7 40. a7 d3 41. Rf8+ Kg7 42. Rd2 Rxa7 43. Rxd3 Kxf8 44. Rxc3 Kf7 45. h3 g5 46. Rc4 Ra5 47. Kg2 Ke6 48. Rb4 h5 49. Rc4 Rb5 50. Rc2 Kf5 51. Rc4 Ne4 52. Rc8 Rb6 53. Ra8 Nf6 54. Ra5+ Kg6 55. Ra2 Rb3 56. Re2 g4 57. Ra2 Rf3 58. Rb2 Ne4 59. Rb6+ Nf6 60. Rb2 Rf5 61. Ra2 Ne4 62. Ra6+ Kf7 63. Ra7+ Ke6 64. Ra6+ Kd7 65. Ra7+ Kc6 66. Ra2 Kb5 67. Re2 0-1

[Event "Como Province-ch"]
[Site "Villa Guardia"]
[Date "2004.03.07"]
[Round "2"]
[White "Buonocore, Elio"]
[Black "Revinelli, Sergio"]
[Result "1-0"]
[WhiteElo "2099"]
[BlackElo "1789"]
[PlyCount "89"]
[EventDate "2004.03.06"]
[EventType "swiss"]
[EventRounds "6"]
[EventCountry "ITA"]
[SourceTitle "EXT 2024"]
[Source "ChessBase"]
[SourceDate "2023.10.10"]
[SourceVersion "1"]
[SourceVersionDate "2023.10.10"]
[SourceQuality "1"]

1. e4 e5 2. Nf3 Nc6 3. d4 exd4 4. Nxd4 Bc5 5. Be3 Qf6 6. c3 Nge7 7. Bc4 Ne5 8. Be2 Qg6 9. 0-0 d5 10. Bh5 Qxe4 11. Nd2 Qd3 12. N4f3 Bd6 13. Nxe5 Bxe5 14. Bc5 Bf6 15. Re1 g6 16. Be2 Qf5 17. Qa4+ c6 18. Qa3 Be6 19. Nb3 b6 20. Bxb6 0-0 21. Bc5 Rfe8 22. Nd4 Qg5 23. Bf1 Bg4 24. f4 Qxf4 25. Bxe7 Be5 26. g3 Bxd4+ 27. cxd4 Qxd4+ 28. Qe3 Qxb2 29. Qf4 Bf5 30. g4 Qb6+ 31. Kh1 Be4+ 32. Rxe4 dxe4 33. Bf6 Qb4 34. Bc4 Qf8 35. Bc3 Re6 36. Bxe6 fxe6 37. Bf6 Rd8 38. Rf1 Rd7 39. Qxe4 Qd6 40. Re1 Qd5 41. Kg1 Qxe4 42. Rxe4 Kf7 43. g5 h5 44. Kf2 Rd5 45. Re2 1-0

[Event "ITA-ch Provinciale Como"]
[Site "San Fermo della Battaglia"]
[Date "2003.03.30"]
[Round "3"]
[White "Gagliardi, Christian"]
[Black "Buonocore, Elio"]
[Result "1/2-1/2"]
[WhiteElo "2138"]
[BlackElo "2121"]
[PlyCount "33"]
[EventDate "2003.03.29"]
[EventType "swiss"]
[EventRounds "6"]
[EventCountry "ITA"]
[SourceTitle "EXT 2024"]
[Source "ChessBase"]
[SourceDate "2023.10.10"]
[SourceVersion "1"]
[SourceVersionDate "2023.10.10"]
[SourceQuality "1"]

1. Nf3 f5 2. g3 Nf6 3. Bg2 g6 4. b3 Bg7 5. Bb2 0-0 6. 0-0 d6 7. d4 Qe8 8. c4 e6 9. Nbd2 Nc6 10. Re1 Nd8 11. Rc1 h6 12. c5 d5 13. Ne5 c6 14. f3 Nd7 15. Nd3 g5 16. e4 Qg6 17. e5 1/2-1/2

[Event "Como Province-ch"]
[Site "Mariano Comense"]
[Date "2002.02.17"]
[Round "5"]
[White "Bellotto, Stefano"]
[Black "Buonocore, Elio"]
[Result "0-1"]
[WhiteElo "1710"]
[BlackElo "2105"]
[PlyCount "42"]
[EventDate "2002.02.09"]
[EventType "swiss"]
[EventRounds "6"]
[EventCountry "ITA"]
[SourceTitle "EXT 2024"]
[Source "ChessBase"]
[SourceDate "2023.10.10"]
[SourceVersion "1"]
[SourceVersionDate "2023.10.10"]
[SourceQuality "1"]

1. d4 f5 2. Nf3 Nf6 3. g3 g6 4. Bg2 Bg7 5. 0-0 0-0 6. c4 d6 7. Nc3 Nc6 8. d5 Ne5 9. Nxe5 dxe5 10. e4 f4 11. gxf4 exf4 12. Re1 Ng4 13. f3 Ne5 14. Qe2 g5 15. Nd1 Qe8 16. Nf2 g4 17. Nd3 Qh5 18. Nxe5 Bxe5 19. Qf1 Rf6 20. fxg4 Bxg4 21. Bd2 f3 0-1